[Event "Hersonissos op 2nd"]
[Site "Hersonissos"]
[Date "2018.06.17"]
[Round "1"]
[White "Vitsaxaki, Iris"]
[Black "L'Ami, Alina"]
[Result "0-1"]
[WhiteElo "1443"]
[BlackElo "2307"]
[PlyCount "60"]
[EventDate "2018.06.17"]
[EventType "swiss"]
[EventRounds "9"]
[EventCountry "GRE"]
[SourceTitle "CBM 185 Extra"]
[Source "ChessBase"]
[SourceDate "2018.07.29"]
[SourceVersion "1"]
[SourceVersionDate "2018.07.29"]
[SourceQuality "1"]

1. d4 Nf6 2. Nf3 g6 3. g3 Bg7 4. Bg2 0-0 5. 0-0 d6 6. Nbd2 Nc6 7. c3 Re8 8. Nc4 Be6 9. Ne3 Bd7 10. Nc2 e5 11. dxe5 dxe5 12. Re1 e4 13. Nfd4 Nxd4 14. Nxd4 c5 15. Nc2 b6 16. Bg5 h6 17. Be3 Qe7 18. f3 Rad8 19. Qc1 Kh7 20. Bf2 Bc6 21. Ne3 exf3 22. exf3 Qb7 23. Nc4 Rxe1+ 24. Qxe1 Bxf3 25. Bxf3 Qxf3 26. Qe7 Ng4 27. Be1 Rd1 28. Rxd1 Qxd1 29. Kg2 Qd5+ 30. Kh3 Qxc4 0-1

[Event "Heraklion op 21st"]
[Site "Heraklion"]
[Date "2017.09.08"]
[Round "7"]
[White "Vitsaxaki, Iris"]
[Black "Koutsaftis, Efstratios"]
[Result "1-0"]
[WhiteElo "1405"]
[BlackElo "1442"]
[PlyCount "63"]
[EventDate "2017.09.03"]
[EventType "swiss"]
[EventRounds "9"]
[EventCountry "GRE"]
[SourceTitle "CBM 180 Extra"]
[Source "ChessBase"]
[SourceDate "2017.10.06"]
[SourceVersion "1"]
[SourceVersionDate "2017.10.06"]
[SourceQuality "1"]

1. d4 Nf6 2. Nf3 e6 3. Bf4 b6 4. e3 Bb7 5. h3 Be7 6. Bd3 0-0 7. c3 d5 8. Nbd2 c5 9. Bh2 Nc6 10. Ne5 Nxe5 11. Bxe5 Rc8 12. Qf3 Bd6 13. Bg3 Bxg3 14. Qxg3 Qe7 15. 0-0 Rfe8 16. Rfd1 Nd7 17. Nf3 e5 18. dxe5 Nxe5 19. Nxe5 Qxe5 20. Qxe5 Rxe5 21. Be2 Rd8 22. Bf3 Re7 23. Rd2 Red7 24. Rad1 b5 25. b3 c4 26. bxc4 bxc4 27. e4 d4 28. Bg4 Rd6 29. e5 Rg6 30. Rxd4 Rxd4 31. Rxd4 h5 32. Rd8+ 1-0

[Event "Heraklion op 21st"]
[Site "Heraklion"]
[Date "2017.09.04"]
[Round "2"]
[White "Koutsourakis, Ioannis"]
[Black "Vitsaxaki, Iris"]
[Result "1/2-1/2"]
[WhiteElo "1691"]
[BlackElo "1405"]
[PlyCount "86"]
[EventDate "2017.09.03"]
[EventType "swiss"]
[EventRounds "9"]
[EventCountry "GRE"]
[SourceTitle "CBM 180 Extra"]
[Source "ChessBase"]
[SourceDate "2017.10.06"]
[SourceVersion "1"]
[SourceVersionDate "2017.10.06"]
[SourceQuality "1"]

1. d4 Nf6 2. c4 e6 3. Nc3 Bb4 4. e3 b6 5. Nge2 Bb7 6. a3 Be7 7. Ng3 d5 8. f3 0-0 9. Bd3 c5 10. 0-0 Nbd7 11. cxd5 Nxd5 12. Nxd5 Bxd5 13. Be4 Nf6 14. Bxd5 Qxd5 15. Ne2 Rfd8 16. Bd2 Qd7 17. Bc3 Nd5 18. Qd3 Bg5 19. f4 Bf6 20. Rad1 c4 21. Qd2 Be7 22. Rf3 Qa4 23. e4 Nc7 24. f5 e5 25. d5 Bc5+ 26. Kh1 f6 27. Rc1 Ne8 28. Ng3 Nd6 29. Qe1 Qe8 30. Bb4 Rac8 31. Bxc5 Rxc5 32. Nf1 Qb5 33. Rb1 Rdc8 34. Nd2 Qd7 35. Rc1 Nb5 36. Qh4 Qf7 37. Rh3 h6 38. Rg3 Kf8 39. Qh3 Nd4 40. Re3 b5 41. Qg4 R5c7 42. Rec3 Qe7 43. Qd1 Qd6 1/2-1/2

[Event "Heraklion Gazi op 13th"]
[Site "Heraklion"]
[Date "2017.07.28"]
[Round "1"]
[White "Vitsaxaki, Iris"]
[Black "Gevorgyan, Maria"]
[Result "0-1"]
[WhiteElo "1419"]
[BlackElo "2256"]
[PlyCount "40"]
[EventDate "2017.07.28"]
[EventType "swiss"]
[EventRounds "9"]
[EventCountry "GRE"]
[SourceTitle "CBM 179 Extra"]
[Source "ChessBase"]
[SourceDate "2017.08.23"]
[SourceVersion "1"]
[SourceVersionDate "2017.08.23"]
[SourceQuality "1"]

1. d4 Nf6 2. Nf3 e6 3. e3 b6 4. Nbd2 Bb7 5. Bd3 c5 6. b3 Nc6 7. a3 Rc8 8. Bb2 cxd4 9. exd4 d5 10. 0-0 Bd6 11. Ne5 Ne7 12. Ndf3 0-0 13. Re1 Nf5 14. Qd2 Ne4 15. Bxe4 dxe4 16. Ng5 Bxe5 17. Rac1 e3 18. fxe3 Qxg5 19. dxe5 Nh4 20. Re2 Nf3+ 0-1

[Event "GRE-chT 45th"]
[Site "Achaia"]
[Date "2017.07.06"]
[Round "5.11"]
[White "Vitsaxaki, Iris"]
[Black "Batsi, Varvara"]
[Result "1-0"]
[WhiteElo "1419"]
[BlackElo "1119"]
[PlyCount "77"]
[EventDate "2017.07.03"]
[EventType "team-swiss"]
[EventRounds "7"]
[EventCountry "GRE"]
[SourceTitle "CBM 179 Extra"]
[Source "ChessBase"]
[SourceDate "2017.08.23"]
[SourceVersion "1"]
[SourceVersionDate "2017.08.23"]
[SourceQuality "1"]
[WhiteTeam "OFI"]
[BlackTeam "Triandrias PG"]
[WhiteTeamCountry "GRE"]
[BlackTeamCountry "GRE"]

1. d4 d5 2. Nf3 Nf6 3. Bf4 Bf5 4. e3 e6 5. c4 Bxb1 6. Qa4+ Nc6 7. Rxb1 Bb4+ 8. Kd1 0-0 9. c5 Ne4 10. Qc2 e5 11. Nxe5 Nxe5 12. Bxe5 c6 13. f3 Nf6 14. Bxf6 Qxf6 15. Qa4 Bxc5 16. dxc5 Rfe8 17. Qd4 Qg6 18. Rc1 Re7 19. Rc2 Rae8 20. Bd3 Qe6 21. Re2 Qh6 22. Qf4 Qxf4 23. exf4 Rxe2 24. Bxe2 Kf8 25. Kd2 Ke7 26. Rc1 Kd7 27. Rc3 Re6 28. Re3 Rh6 29. h3 Rg6 30. g4 Re6 31. Bd3 Rxe3 32. Kxe3 h6 33. Bf5+ Kc7 34. Kd4 f6 35. h4 Kd8 36. g5 Ke7 37. Bc8 b6 38. a4 h5 39. Bf5 1-0

[Event "GRE-chT 45th"]
[Site "Achaia"]
[Date "2017.07.05"]
[Round "4.9"]
[White "Vitsaxaki, Iris"]
[Black "Louka, Marianthi"]
[Result "1/2-1/2"]
[WhiteElo "1419"]
[BlackElo "1490"]
[PlyCount "60"]
[EventDate "2017.07.03"]
[EventType "team-swiss"]
[EventRounds "7"]
[EventCountry "GRE"]
[SourceTitle "CBM 179 Extra"]
[Source "ChessBase"]
[SourceDate "2017.08.23"]
[SourceVersion "1"]
[SourceVersionDate "2017.08.23"]
[SourceQuality "1"]
[WhiteTeam "OFI"]
[BlackTeam "Kalamata Poseidon"]
[WhiteTeamCountry "GRE"]
[BlackTeamCountry "GRE"]

1. d4 Nf6 2. c4 e6 3. Nc3 Bb4 4. e3 0-0 5. Bd3 b6 6. Nge2 Bb7 7. 0-0 Bxc3 8. Nxc3 d6 9. Re1 Nbd7 10. e4 e5 11. d5 Nc5 12. Bc2 a5 13. Na4 Nfd7 14. Qg4 Qf6 15. Re3 Qe7 16. Rg3 f6 17. Nxc5 Nxc5 18. Qh4 Rf7 19. Be3 Ba6 20. Bxc5 bxc5 21. b3 Raf8 22. Rf1 Bc8 23. Qh6 Kh8 24. Qd2 Bb7 25. Re3 g6 26. Bb1 Ra8 27. Rf3 Bc8 28. h3 f5 29. Kh2 f4 30. g3 g5 1/2-1/2

[Event "GRE-chT 45th"]
[Site "Achaia"]
[Date "2017.07.04"]
[Round "3.5"]
[White "Skiadopoulou, Afroditi Lelouda"]
[Black "Vitsaxaki, Iris"]
[Result "1-0"]
[WhiteElo "1475"]
[BlackElo "1419"]
[PlyCount "99"]
[EventDate "2017.07.03"]
[EventType "team-swiss"]
[EventRounds "7"]
[EventCountry "GRE"]
[SourceTitle "CBM 179 Extra"]
[Source "ChessBase"]
[SourceDate "2017.08.23"]
[SourceVersion "1"]
[SourceVersionDate "2017.08.23"]
[SourceQuality "1"]
[WhiteTeam "Peristeriou CP"]
[BlackTeam "OFI"]
[WhiteTeamCountry "GRE"]
[BlackTeamCountry "GRE"]

1. e4 e5 2. Nf3 Nf6 3. Nxe5 d6 4. Nf3 Nxe4 5. d4 d5 6. Bd3 Bg4 7. c3 Nc6 8. 0-0 Be7 9. Re1 f5 10. h3 Bh5 11. Nbd2 0-0 12. Qb3 Na5 13. Qa4 c6 14. Ne5 Bh4 15. Rf1 b5 16. Qc2 Qd6 17. Ndf3 Bf6 18. Bf4 Qe6 19. b3 Rac8 20. Rac1 Rfd8 21. Qb2 Qe7 22. Nd2 a6 23. f3 Nxd2 24. Qxd2 Bxe5 25. Bxe5 Rf8 26. Rce1 Qd7 27. Qg5 Bg6 28. h4 Qd8 29. Qg3 Qd7 30. Qg5 Qd8 31. Qg3 Qd7 32. Kf2 f4 33. Bxf4 Bxd3 34. Rh1 Rf7 35. Re3 Bf5 36. Rhe1 Nb7 37. Bg5 c5 38. Re7 Rxe7 39. Rxe7 Qc6 40. Qe5 Qg6 41. Qxd5+ Kf8 42. Rxb7 Be6 43. Qd6+ Kg8 44. dxc5 h6 45. Bf4 Qf5 46. Qd4 Qf8 47. Bd6 Qf6 48. Be5 Qf5 49. Rxg7+ Kf8 50. Qd6+ 1-0

[Event "GRE-ch U20 Girls"]
[Site "Chania"]
[Date "2017.01.08"]
[Round "9.7"]
[White "Vitsaxaki, Iris"]
[Black "Petraki, Argiro"]
[Result "0-1"]
[WhiteElo "1431"]
[BlackElo "1714"]
[PlyCount "120"]
[EventDate "2017.01.02"]
[EventType "swiss"]
[EventRounds "9"]
[EventCountry "GRE"]
[SourceTitle "EXT 2024"]
[Source "ChessBase"]
[SourceDate "2023.10.10"]
[SourceVersion "1"]
[SourceVersionDate "2023.10.10"]
[SourceQuality "1"]

1. d4 Nf6 2. Nf3 g6 3. e3 Bg7 4. Bd3 d6 5. b3 b6 6. Bb2 Bb7 7. Nbd2 Nbd7 8. 0-0 0-0 9. Qe2 c5 10. c4 Ne8 11. Rab1 Nc7 12. dxc5 bxc5 13. Bxg7 Kxg7 14. Be4 Qc8 15. Qd3 Na6 16. Bxb7 Qxb7 17. Qe4 Qxe4 18. Nxe4 Rfb8 19. Nc3 Nc7 20. Ne1 Ne5 21. Nc2 Nc6 22. Rfd1 Rb7 23. Nd5 Nxd5 24. cxd5 Nb4 25. Nxb4 Rxb4 26. Rbc1 a5 27. Rd3 a4 28. g3 Kf6 29. Rc4 axb3 30. axb3 Rab8 31. Rxb4 Rxb4 32. Kg2 Ke5 33. Kf3 f5 34. h4 h5 35. Ke2 Rb5 36. f3 Ra5 37. Rd2 Ra3 38. Rd3 Ra2+ 39. Kf1 Rc2 40. Kg1 Rb2 41. Kf1 Ra2 42. Kg1 Ra3 43. Kf2 c4 44. f4+ Kf6 45. Rd4 cxb3 46. Rb4 e6 47. dxe6 Kxe6 48. Rb5 Kd7 49. Ke2 Kc6 50. Rb8 Kc5 51. Kd3 b2+ 52. Kd2 Ra2 53. Kc2 b1Q+ 54. Kxb1 Rg2 55. Rb2 Rxb2+ 56. Kxb2 Kd5 57. Kc2 Ke4 58. Kd2 Kf3 59. Kd3 Kxg3 60. Ke2 Kxh4 0-1

[Event "GRE-ch U20 Girls"]
[Site "Chania"]
[Date "2017.01.07"]
[Round "8.10"]
[White "Aleiferi, Aikaterini"]
[Black "Vitsaxaki, Iris"]
[Result "0-1"]
[WhiteElo "1104"]
[BlackElo "1431"]
[PlyCount "118"]
[EventDate "2017.01.02"]
[EventType "swiss"]
[EventRounds "9"]
[EventCountry "GRE"]
[SourceTitle "EXT 2024"]
[Source "ChessBase"]
[SourceDate "2023.10.10"]
[SourceVersion "1"]
[SourceVersionDate "2023.10.10"]
[SourceQuality "1"]

1. e4 e5 2. Nf3 Nc6 3. Bb5 a6 4. Ba4 Nf6 5. d3 d6 6. c3 Bg4 7. 0-0 Be7 8. Nbd2 b5 9. Bc2 0-0 10. Re1 Qd7 11. Nf1 Rfe8 12. h3 Bh5 13. Ng3 Bg6 14. Bg5 h6 15. Bxf6 Bxf6 16. d4 exd4 17. cxd4 Re7 18. Rb1 Rae8 19. a3 Rb8 20. d5 Ne5 21. Nd2 Qc8 22. f3 Bh4 23. Ndf1 Nd7 24. Re2 Nb6 25. Bb3 Re8 26. Rc2 Qd7 27. Rbc1 Rec8 28. Ne2 Bg5 29. Rb1 Re8 30. Nd4 Nc8 31. Nc6 Ra8 32. a4 f5 33. Ng3 fxe4 34. fxe4 Bxe4 35. Nxe4 Rxe4 36. axb5 axb5 37. Re2 Re3 38. Kh1 Qe8 39. Nd4 Rxe2 40. Nxe2 Rb8 41. Nd4 Qd7 42. Ne6 Bf6 43. Bc2 Kf7 44. Qd3 Ke8 45. Qg6+ Qf7 46. Nxc7+ Ke7 47. Qe4+ Be5 48. Re1 Qf6 49. Ne6 Nb6 50. Nf4 Kd7 51. Nd3 Re8 52. Nxe5+ Rxe5 53. Qg4+ Kc7 54. Rc1 Kd8 55. Bb3 Ke8 56. Rc6 Re1+ 57. Kh2 Qe5+ 58. Qg3 Rh1+ 59. Kxh1 Qxg3 0-1

[Event "GRE-ch U20 Girls"]
[Site "Chania"]
[Date "2017.01.04"]
[Round "4.10"]
[White "Kaliontzaki, Argyro Evanthia"]
[Black "Vitsaxaki, Iris"]
[Result "0-1"]
[WhiteElo "1093"]
[BlackElo "1431"]
[PlyCount "120"]
[EventDate "2017.01.02"]
[EventType "swiss"]
[EventRounds "9"]
[EventCountry "GRE"]
[SourceTitle "EXT 2024"]
[Source "ChessBase"]
[SourceDate "2023.10.10"]
[SourceVersion "1"]
[SourceVersionDate "2023.10.10"]
[SourceQuality "1"]

1. e4 e5 2. Nf3 Nc6 3. d4 exd4 4. Nxd4 Bc5 5. Be3 Qf6 6. c3 Nge7 7. Qd2 h6 8. Nb5 Bxe3 9. Qxe3 Kd8 10. Nd2 Re8 11. 0-0-0 a6 12. Nd4 Nxd4 13. Qxd4 Qxd4 14. cxd4 Nc6 15. Bc4 Nxd4 16. Bxf7 Rf8 17. Bh5 Rxf2 18. g3 Rf6 19. Rhf1 Rc6+ 20. Kb1 g6 21. Bg4 Ke7 22. Rf2 Rf6 23. Rxf6 Kxf6 24. Rf1+ Ke7 25. e5 Nc6 26. Re1 b6 27. Kc2 Bb7 28. a3 Rf8 29. Kd3 Nd8 30. Re3 Ne6 31. Bxe6 Kxe6 32. Kd4 Rf2 33. Ne4 Bxe4 34. Kxe4 Rf5 35. Kd4 c5+ 36. Kd3 Rxe5 37. Rxe5+ Kxe5 38. Ke3 d5 39. Kd3 c4+ 40. Ke3 d4+ 41. Kd2 Ke4 42. Ke2 a5 43. a4 d3+ 44. Kf2 Kd4 45. Kf1 c3 46. bxc3+ Kxc3 47. Ke1 Kc2 48. Kf2 d2 49. Ke3 d1Q 50. Ke4 Kc3 51. Ke5 Qxa4 52. Kf6 Qc6+ 53. Ke5 Kd3 54. g4 Qe4+ 55. Kf6 a4 56. g5 Qf5+ 57. Ke7 Qxg5+ 58. Kd6 a3 59. Kc6 a2 60. Kxb6 a1R 0-1

[Event "GRE-chT U16 9th"]
[Site "Thessaloniki"]
[Date "2016.12.17"]
[Round "4.5"]
[White "Galani, Dimitra"]
[Black "Vitsaxaki, Iris"]
[Result "0-1"]
[WhiteElo "1517"]
[BlackElo "1423"]
[PlyCount "106"]
[EventDate "2016.12.15"]
[EventType "team-swiss"]
[EventRounds "6"]
[EventCountry "GRE"]
[SourceTitle "CBM 176 Extra"]
[Source "ChessBase"]
[SourceDate "2017.03.02"]
[SourceVersion "1"]
[SourceVersionDate "2017.03.02"]
[SourceQuality "1"]
[WhiteTeam "Oreokastrou"]
[BlackTeam "OFI"]
[WhiteTeamCountry "GRE"]
[BlackTeamCountry "GRE"]

1. e4 e5 2. Nc3 Nc6 3. g3 Nf6 4. Bg2 Be7 5. d3 0-0 6. f4 d6 7. Nf3 Re8 8. 0-0 Bf8 9. fxe5 Nxe5 10. Bg5 Be7 11. Qd2 Nfg4 12. Bf4 Ng6 13. Nd5 Nxf4 14. Qxf4 Rf8 15. Rae1 Nf6 16. Ne3 Be6 17. Nf5 Nd7 18. Nxe7+ Qxe7 19. e5 dxe5 20. Nxe5 c6 21. Kh1 Nb6 22. Nf3 Nd5 23. Qe5 Nb4 24. Nd4 Rae8 25. Re2 Qd8 26. Qc5 Qb6 27. Qxb6 axb6 28. a3 Nd5 29. Rfe1 Bd7 30. Kg1 Nf6 31. Nf3 Rxe2 32. Rxe2 Re8 33. Rxe8+ Bxe8 34. Ne5 b5 35. Bh3 b6 36. Kf2 Kf8 37. Ke3 Ke7 38. Kf4 Nd5+ 39. Ke4 f6 40. Nf3 Bg6+ 41. Bf5 Bxf5+ 42. Kxf5 Ne3+ 43. Ke4 Nxc2 44. d4 b4 45. Kd3 bxa3 46. bxa3 Nxa3 47. Kc3 Nb5+ 48. Kc4 Nd6+ 49. Kd3 Ke6 50. Nd2 Kd5 51. Nb3 Nf7 52. h4 Nh6 53. Nd2 Nf5 0-1

[Event "GRE-chT U16 9th"]
[Site "Thessaloniki"]
[Date "2016.12.16"]
[Round "2.5"]
[White "Vitsaxaki, Iris"]
[Black "Vozinaki, Anthi Maria"]
[Result "0-1"]
[WhiteElo "1423"]
[BlackElo "1936"]
[PlyCount "80"]
[EventDate "2016.12.15"]
[EventType "team-swiss"]
[EventRounds "6"]
[EventCountry "GRE"]
[SourceTitle "CBM 176 Extra"]
[Source "ChessBase"]
[SourceDate "2017.03.02"]
[SourceVersion "1"]
[SourceVersionDate "2017.03.02"]
[SourceQuality "1"]
[WhiteTeam "OFI"]
[BlackTeam "Chanion"]
[WhiteTeamCountry "GRE"]
[BlackTeamCountry "GRE"]

1. d4 Nf6 2. Nf3 d5 3. Bf4 c5 4. e3 Nc6 5. c3 Qb6 6. Qb3 c4 7. Qxb6 axb6 8. Nbd2 b5 9. Be2 b4 10. 0-0 Bf5 11. Rfc1 h6 12. Ne5 e6 13. Nxc6 bxc6 14. Nf1 bxc3 15. Rxc3 Bb4 16. Rcc1 c3 17. Rxc3 Bxc3 18. bxc3 Ne4 19. Bd3 Nxc3 20. Bxf5 exf5 21. Ng3 Kd7 22. a3 f6 23. Nf1 Ne2+ 24. Kh1 Nxf4 25. exf4 Ra4 26. Rd1 Rxa3 27. h3 h5 28. Ne3 g6 29. Kg1 Rb8 30. Nc2 Ra2 31. Ne3 Rb4 32. g3 Raa4 33. Nc2 Rc4 34. Ne3 Rxd4 35. Re1 Rd2 36. Ng2 Raa2 37. Rf1 d4 38. Ne1 c5 39. Nf3 Re2 40. Nh4 d3 0-1

[Event "GRE-chT 44th"]
[Site "Achaia"]
[Date "2016.07.07"]
[Round "4.5"]
[White "Hrysogelou, Athanasia Panagiota"]
[Black "Vitsaxaki, Iris"]
[Result "1/2-1/2"]
[WhiteElo "1774"]
[BlackElo "1248"]
[PlyCount "88"]
[EventDate "2016.07.05"]
[EventType "team-swiss"]
[EventRounds "7"]
[EventCountry "GRE"]
[SourceTitle "CBM 173 Extra"]
[Source "ChessBase"]
[SourceDate "2016.08.29"]
[SourceVersion "1"]
[SourceVersionDate "2016.08.29"]
[SourceQuality "1"]
[WhiteTeam "Peristeriou CP"]
[BlackTeam "OFI"]
[WhiteTeamCountry "GRE"]
[BlackTeamCountry "GRE"]

1. d4 d5 2. c4 e6 3. Nc3 Nf6 4. Bg5 Be7 5. e3 0-0 6. Nf3 b6 7. Rc1 Bb7 8. Bxf6 Bxf6 9. cxd5 exd5 10. b4 Qd6 11. b5 Nd7 12. Bd3 g6 13. 0-0 Rfe8 14. Qc2 Bg7 15. Ne2 Rec8 16. Qb3 c6 17. bxc6 Bxc6 18. Ba6 Rd8 19. a4 Nf6 20. Ne5 Bd7 21. Nf4 Bc8 22. Bb5 Bb7 23. Bc6 Qe7 24. Bxb7 Qxb7 25. a5 Rac8 26. Rb1 Ne4 27. Nf3 Rb8 28. Qd3 b5 29. Nd2 a6 30. Nb3 Bf8 31. f3 Nf6 32. Qd2 Rbc8 33. Nd3 Rc4 34. Ndc5 Bxc5 35. Nxc5 Qa7 36. Rfc1 Kg7 37. Qb2 Rd6 38. Rxc4 dxc4 39. e4 Rd8 40. Kf1 Nd7 41. Nxd7 Rxd7 42. Rd1 Kg8 43. Qc3 Qc7 44. g3 Rd8 1/2-1/2

[Event "GRE-chT 44th"]
[Site "Achaia"]
[Date "2016.07.06"]
[Round "2.4"]
[White "Vitsaxaki, Iris"]
[Black "Pasoglou, Ekaterini"]
[Result "0-1"]
[WhiteElo "1248"]
[BlackElo "1809"]
[PlyCount "76"]
[EventDate "2016.07.05"]
[EventType "team-swiss"]
[EventRounds "7"]
[EventCountry "GRE"]
[SourceTitle "CBM 173 Extra"]
[Source "ChessBase"]
[SourceDate "2016.08.29"]
[SourceVersion "1"]
[SourceVersionDate "2016.08.29"]
[SourceQuality "1"]
[WhiteTeam "OFI"]
[BlackTeam "Thessaloniki HS"]
[WhiteTeamCountry "GRE"]
[BlackTeamCountry "GRE"]

1. d4 Nf6 2. c4 e6 3. Nc3 Bb4 4. e3 0-0 5. Nf3 b6 6. Be2 Bxc3+ 7. bxc3 Ne4 8. Bd3 Bb7 9. Bb2 f5 10. Qc2 d6 11. Rg1 Qf6 12. 0-0-0 Nd7 13. Qe2 e5 14. Nd2 Nxd2 15. Qxd2 e4 16. Be2 Ba6 17. Qc2 Qf7 18. Qa4 Bb7 19. Rdf1 a6 20. a3 b5 21. cxb5 axb5 22. Qc2 Ra5 23. Kd2 Bd5 24. Ra1 Nb6 25. Bc1 Na4 26. Rb1 c6 27. f3 Raa8 28. Qd1 Rab8 29. Qf1 Qe6 30. Rb4 Nb6 31. Qf2 Bc4 32. Kc2 c5 33. Bxc4 Nxc4 34. Rb3 Rfc8 35. Bd2 cxd4 36. Re1 d3+ 37. Kc1 Nxd2 38. Rb4 Rxc3+ 0-1

[Event "Heraklion op 16th"]
[Site "Heraklion"]
[Date "2016.01.04"]
[Round "3.14"]
[White "Vitsaxaki, Iris"]
[Black "Papadakis, Michalis"]
[Result "0-1"]
[WhiteElo "1277"]
[BlackElo "2266"]
[PlyCount "50"]
[EventDate "2016.01.03"]
[EventType "swiss"]
[EventRounds "9"]
[EventCountry "GRE"]
[SourceTitle "EXT 2024"]
[Source "ChessBase"]
[SourceDate "2023.10.10"]
[SourceVersion "1"]
[SourceVersionDate "2023.10.10"]
[SourceQuality "1"]

1. d4 d5 2. c4 c6 3. e3 Nf6 4. Nc3 g6 5. b3 Bg7 6. Nf3 0-0 7. Bd3 c5 8. Bb2 cxd4 9. Nxd4 e5 10. Nde2 Be6 11. cxd5 Bxd5 12. e4 Be6 13. Na4 Nc6 14. f3 Nb4 15. Bc2 Qxd1+ 16. Bxd1 Nd3+ 17. Kf1 Rfd8 18. Bc3 Rac8 19. Nb2 Rxc3 20. Nxc3 Nxb2 21. Ke2 Bh6 22. Rb1 Rd2+ 23. Kf1 Nh5 24. g3 Bh3+ 25. Ke1 Nd3# 0-1

[Event "GRE-chT 42nd"]
[Site "Porto Rio"]
[Date "2014.07.03"]
[Round "7.7"]
[White "Vitsaxaki, Iris"]
[Black "Kalyva, Kyriaki"]
[Result "0-1"]
[WhiteElo "1042"]
[BlackElo "1464"]
[PlyCount "110"]
[EventDate "2014.06.28"]
[EventType "team-swiss"]
[EventRounds "7"]
[EventCountry "GRE"]
[SourceTitle "CBM 161 Extra"]
[Source "ChessBase"]
[SourceDate "2014.08.29"]
[SourceVersion "1"]
[SourceVersionDate "2014.08.29"]
[SourceQuality "1"]
[WhiteTeam "OFI"]
[BlackTeam "Patron CN"]
[WhiteTeamCountry "GRE"]
[BlackTeamCountry "GRE"]

1. d4 Nf6 2. c4 e6 3. Nc3 Bb4 4. Bd2 0-0 5. Nf3 b6 6. e3 Bb7 7. Be2 d6 8. a3 Bxc3 9. Bxc3 Nbd7 10. b4 Ne4 11. Rc1 f5 12. 0-0 Rf6 13. Bb2 Rh6 14. d5 e5 15. Nd2 Nxd2 16. Qxd2 Qh4 17. h3 Nf6 18. Bd3 Bc8 19. f4 e4 20. Be2 Qg3 21. Kh1 Ng4 22. Bxg4 fxg4 23. Qf2 Qxf2 24. Rxf2 gxh3 25. g3 Bg4 26. Rh2 Rf8 27. b5 g5 28. a4 gxf4 29. gxf4 Bf3+ 30. Kg1 Rg6+ 31. Kf1 Rg2 32. Rxg2+ hxg2+ 33. Kf2 Kf7 34. Bc3 h5 35. Kg3 Rg8+ 36. Kh2 Rg4 37. Rg1 Rh4+ 38. Kg3 Rh1 39. Kf2 h4 40. a5 h3 41. axb6 axb6 42. Bd4 h2 43. Rxg2 Rf1+ 44. Kxf1 h1Q+ 45. Rg1 Qh2 46. Rg7+ Kf8 47. f5 Qe2+ 48. Kg1 Qe1+ 49. Kh2 Qh4+ 50. Kg1 Qh1+ 51. Kf2 Qh2+ 52. Kf1 Be2+ 53. Ke1 Bd3 54. Kd1 Qe2+ 55. Kc1 Qc2# 0-1

[Event "GRE-chT 42nd"]
[Site "Porto Rio"]
[Date "2014.07.02"]
[Round "6.7"]
[White "Vitsaxaki, Iris"]
[Black "Bouza, Mirto Eleni"]
[Result "1-0"]
[WhiteElo "1042"]
[BlackElo "1333"]
[PlyCount "105"]
[EventDate "2014.06.28"]
[EventType "team-swiss"]
[EventRounds "7"]
[EventCountry "GRE"]
[SourceTitle "CBM 161 Extra"]
[Source "ChessBase"]
[SourceDate "2014.08.29"]
[SourceVersion "1"]
[SourceVersionDate "2014.08.29"]
[SourceQuality "1"]
[WhiteTeam "OFI"]
[BlackTeam "Glyfadas Zenon"]
[WhiteTeamCountry "GRE"]
[BlackTeamCountry "GRE"]

1. d4 Nf6 2. c4 e6 3. Bd2 b6 4. Nc3 Bb7 5. e3 Be7 6. Nf3 0-0 7. Be2 d6 8. b4 Nbd7 9. a3 Ne4 10. Ra2 f5 11. 0-0 Ndf6 12. Qc2 Rc8 13. Rc1 c5 14. Qa4 a6 15. Rb2 Rb8 16. Rcb1 Bc8 17. bxc5 dxc5 18. Qc2 Rf7 19. Nxe4 Nxe4 20. Ba5 cxd4 21. Nxd4 Qe8 22. Rxb6 Rxb6 23. Rxb6 Bxa3 24. Bb4 Bxb4 25. Rxb4 Rc7 26. Rb8 Qe7 27. Qa4 Kf7 28. Rb2 Qc5 29. Qb3 Nd6 30. Rc2 Rb7 31. Qc3 Bd7 32. g3 Ra7 33. Nb3 Qc7 34. c5 Ne4 35. Qc4 Bb5 36. Qd4 Bxe2 37. Rxe2 Qc6 38. Rc2 Qb5 39. c6 Rc7 40. Qc4 Qxc4 41. Rxc4 e5 42. Na5 Ke7 43. f3 Nd2 44. Rb4 Kd6 45. f4 exf4 46. Rd4+ Kc5 47. Rxd2 Kb6 48. Rd5 fxe3 49. Rxf5 Re7 50. Kf1 e2+ 51. Ke1 g6 52. Rd5 Re3 53. Nc4+ 1-0